000 00317nam a2200133Ia 4500
008 220216s9999 xx 000 0 und d
100 _aTiyo
245 0 _aNR market ignores cut in export incentive
260 _bRubber Asia
_c2005
300 _a81-84
650 _aNR market
650 _aRubber price
942 _cJS
999 _c64157
_d64157